000 00319nam a22001457a 4500
008 230912b ||||| |||| 00| 0 eng d
020 _a0387133992
041 _aeng
080 _a521
082 _a521TAU
100 _a19
101 _aASTRO
245 _aEVOLUTION OF MATTER AND ENERGY
_cTAUBE.M
942 _2udc
_cBK
999 _c60343
_d60343